Responses for Show #6112 - Tuesday, March 22, 2011

Tom Kunzen game 6.

Contestants

[<< previous game]

Megan Barnes, a stay-at-home mother from Baltimore, Maryland

Barry Cohen, a higher education management consultant from San Diego, California

Tom Kunzen, a geotechnical engineer from Orlando, Florida (whose 5-day cash winnings total $133,402)

[next game >>]

Jeopardy! Round responses

19th CENTURY SCIENCE
A PREQUEL TO WHICH MOVIE?
LET THERE BE LIGHT BEER
COUNTDOWN
A NUMBER LESS THAN 10
"BIRD" IS THE WORD
    $200 1
clouds

Barry
    $200 6
Saturday Night Fever

Tom
    $200 26
L-I-T-E

Tom
    $200 11
George II

Tom
    $200 21
4

Barry
    $200 16
a jaybird

Tom
    $1,000 2
the thyroid

Barry
    $400 7
The Magnificent Seven

Tom
    $400 27
(Barry: What is Budweiser?)
[Initially ruled incorrect; reversed before Double Jeopardy! Round: "Since we accepted Samuel Adams Light for Sam Adams Light, our judges thought we should accept Budweiser, Barry's response when we were looking for just [*]."]

Bud Light

TomBarry
    $400 12
Thomas Jefferson

Tom
    $400 22
0

Tom
    $400 17
a jailbird

Tom
    $600 3
Pasteur

Tom
    $600 8
Born on the Fourth of July

Tom
    $600 28
Coors Light

Barry
    $600 13
helium

Tom
    $600 23
3

Barry
    $600 18
a birdbrain

Megan
    $800 4
an incandescent light bulb

Tom
    $800 9
(Tom: Hmm.)
(Alex: Hmm. Not that funny, huh, Tom?)

Dr. No

Triple Stumper
    $800 29
Amstel Light

Tom
    $800 14
golden rings

Tom
    $800 24
8

Barry
    $800 19
birdshot

Barry
    $1000 5
cuneiform

Megan
    $1000 10
Paint Your Wagon

Megan
    $1000 30
Samuel Adams Light

Tom
    $1000 15
(Megan: What is Arkansas?)

New Mexico

TomMegan
    $1000 25
(Tom: What is 5?)

6

TomMegan
    $1000 20
a railbird

Megan

Scores at the first commercial break (after clue 15):

Tom Barry Megan
$5,600 $1,200 $1,000

Scores at the end of the Jeopardy! Round:

Tom Barry Megan
$8,000 $4,600 $3,600

Double Jeopardy! Round responses

WORLD AUTHORS
TASTY MUSICAL ACTS
FLOWERS
A COMPLETE FISCAL EXAM
THE SUNSHINE STATE
WHOLE LOTTA "LOVE"
    $400 12
Wales

Megan
    $400 1
The Smashing Pumpkins

Tom
    $400 20
a chrysanthemum

Triple Stumper
    $400 18
a recession

Tom
    $400 2
Cape Canaveral

Barry
    $400 3
I Love Lucy

Barry
    $800 13
the Netherlands

Tom
    $800 17
Bananarama

Barry
    $800 21
the nose

Megan
    $800 19
the budget deficit

Tom
    $800 8
a hurricane

Megan
    $800 4
love beads

Megan
    $1200 14
Alexander Solzhenitsyn

Tom
    $1200 26
Fiona Apple

Megan
    $1200 22
narcissus flowers

Tom
    $1200 23
the stimulus

Megan
    $3,000 9
the Bay of Pigs

Megan
    $1200 5
Love Canal

Barry
    $1600 15
South Africa

Megan
    $1600 27
Tangerine Dream

Triple Stumper
    $1600 29
the lady's slipper

Megan
    $3,000 24
inflation

Megan
    $1600 10
the Everglades

Barry
    $1600 6
Love's Labour's Lost

Megan
    $2000 16
Eugène Ionesco

Tom
    $2000 28
Strawberry Alarm Clock

Triple Stumper
    $2000 30
morning glory

Barry
    $2000 25
the value-added tax

Tom
    $2000 11
the Seminole tribe

Tom
    $2000 7
courtly love

Triple Stumper

Scores at the end of the Double Jeopardy! Round:

Tom Barry Megan
$18,800 $11,000 $19,600

[wagering suggestions for these scores]

Final Jeopardy! Round responses

GARMENTS OF THE WORLD
[NOTE: On 2011-07-22 Tom received a letter from Jeopardy! confirming that his response of "sari" should have been considered correct and that they would be sending him an additional $1,000 to cover what he should have received for second place.]
BarryWhat is ?
$10,998
TomWhat is a sari?
$18,800
MeganWhat is a burqa?
$18,001
the burqa

Final scores:

Tom Barry Megan
$0 $2 $37,601
3rd place: $1,000 2nd place: $2,000 New champion: $37,601

Game dynamics:

Coryat scores:

Tom Barry Megan
$18,800 $10,400 $16,400
26 R,
1 W
14 R
(including 1 DD),
0 W
16 R
(including 2 DDs),
1 W

Combined Coryat: $45,600

[game clues] [game scores] [suggest correction]

Game tape date: 2010-11-16
The J! Archive is created by fans, for fans. Scraping, republication, monetization, and malicious use prohibited; this site may use cookies and collect identifying information. See terms. The Jeopardy! game show and all elements thereof, including but not limited to copyright and trademark thereto, are the property of Jeopardy Productions, Inc. and are protected under law. This website is not affiliated with, sponsored by, or operated by Jeopardy Productions, Inc. Join the discussion at JBoard.tv.